Reading for academic study

Bibliographic Details
Corporate Author: Universiti Malaya
Format: Book
Subjects:

MARC

LEADER 00000cam a2200000 7i4500
001 0000007237
005 20021119093000.0
008 021119n
090 0 0 |a LB1050.5   |b .U55 
110 0 |a Universiti Malaya.   |c Pusat Bahasa 
245 0 0 |a Reading for academic study   |c prepared by the Language Centre, University of Malaya, 1981 
300 |a v 2., 489 p. :   |b ill. ; ;   |c 27 cm. 
650 0 |a Developmental reading 
650 0 |a Reading (Higher education) 
999 |a 1000026497   |b Book   |c OPEN SHELF (30 DAYS)   |e Gong Badak Campus 
999 |a 1000026498   |b Book   |c OPEN SHELF (30 DAYS)   |e Gong Badak Campus 
999 |a 1000026533   |b Book   |c OPEN SHELF (30 DAYS)   |e Gong Badak Campus